Algunos resultados de las investigaciones en la región de Guayabo de Turrialba /

En este artículo se exponen las características generales de organización y puesta en marcha del Programa de Investigaciones Antropológicas en la Región de Guayabo de Turrialba, el cual tiene un carácter regional, realizado desde una perspectiva diacrónica, interdisciplinario y para hacerse a largo...

Ausführliche Beschreibung

Gespeichert in:
Bibliographische Detailangaben
1. Verfasser: Fonseca Zamora, Oscar M.
Weitere Verfasser: Hurtado de Mendoza, Luis
Format: Text
Schlagworte:
Tags: Tag hinzufügen
Keine Tags, Fügen Sie den ersten Tag hinzu!

MARC

LEADER 00000 a a2200000 04500
001 14431
003
040
100 |a Fonseca Zamora, Oscar M.  
245 |a Algunos resultados de las investigaciones en la región de Guayabo de Turrialba /  |c Oscar M. Fonseca Zamora 
520 |a En este artículo se exponen las características generales de organización y puesta en marcha del Programa de Investigaciones Antropológicas en la Región de Guayabo de Turrialba, el cual tiene un carácter regional, realizado desde una perspectiva diacrónica, interdisciplinario y para hacerse a largo plazo. Se presentan los problemas metodológicos que se han enfrentado y proporcionan los datos preliminares de la arqueología del sitio Guayabo, en lo referente a su historia ocupacional, estructura y función variable en el tiempo. Respecto a los datos arqueológicos, se da información acerca de la extensión y cronología del sitio Guayabo, su estratigrafía y contexto, el complejo arquitectónico, la red hidraúlica, significado de los petroglifos, los complejos cerámicos y su cronología, las relaciones interregionales y la cerámica. En lo referente a la arqueología regional, se destaca: la secuencia ocupacional y su cronología, los patrones de distribución poblacional, se describen los sitios arqueológicos, destacan la conservación, rescate y administración de los recursos culturales, así como los patrones de subsistencia y explotación de los recursos naturales. Concluyen con una reflexión acerca de la utilidad de estos estudios en la reconstrucción de los procesos sociales y culturales en la región, al incorporar información sobre la prehistoria de Costa Rica y por contribuir al desarrollo de la teoría antropológica. EB/mb  
650 |a TURRIALBA, CCA  
650 |a ARQUEOLOGIA  
650 |a SITIOS ARQUEOLOGICOS  
650 |a YACIMIENTOS ARQUEOLOGICOS  
650 |a ECOLOGIA  
650 |a ESTRUCTURAS HIDRAULICAS  
650 |a CERAMICAS  
650 |a POBLACION  
650 |a RECURSOS NATURALES  
650 |a INVESTIGACION DE CAMPO  
650 |a METODOLOGIA  
650 |a PUB.IIS  
700 |a Hurtado de Mendoza, Luis  
773 |g ESPECIAL, número 1; páginas 37-51  
999 |c 22747  |d 22747 
773 0 |0 18728  |9 4448  |a Universidad de Costa Rica.   |d San José, Costa Rica Editorial UCR 1959-  |o 16792  |t Revista de Ciencias Sociales/  |x 04825276